000 00645nam a22002297a 4500
003 DO-SdBNP
005 20221109140616.0
007 ta
008 221109b2022 dr ||||| |||| 00| 0 spa d
020 _a9789945608892
040 _aDO-SdBNP
_bspa
_cBNPHU
082 4 _222
100 1 _aVázquez Cruz, Carlos,
_d1971-
_982772
245 1 0 _aSilente /
_cCarlos Vázquez Cruz
260 _aSanto Domingo :
_bIsla Negra,
_c2022.
300 _a86 p. ;
_c22 cm.
490 1 _aFilo de fuego
500 _aIncluye datos biográficos del autor en la solapa de la cubierta
590 _aInventariado, 2022/BT
910 _aBtavárez
942 _2ddc
_cLBS1
999 _c52846
_d52846